| 000 | 00459nam a2200181Ia 4500 | ||
|---|---|---|---|
| 008 | 230524s9999 xx 000 0 und d | ||
| 020 | _a8121902894 | ||
| 082 |
_a621.382 _bTHE |
||
| 100 |
_aB.L.Theraja _9886 |
||
| 245 | 2 | _aA Text Book of Electrical Technology (2432p) | |
| 250 | _a23RD | ||
| 260 |
_aNEW DELHI _bS.Chand _c2005 |
||
| 300 | _aXXXII;2432 | ||
| 500 | _aQuantity Number: 1 | ||
| 650 | _aElectrical | ||
| 700 |
_a A.K.Theraja _9887 |
||
| 942 | _cBK | ||
| 999 |
_c819 _d819 |
||